banner koha

Secagem e armazenamento de produtos agropecuarios com uso de energia solar e ar natural (Registro n. 271554)

MARC details
000 -LÍDER
campo de controle de tamanho fixo 00998nac a22003137a 4500
001 - NÚMERO DE CONTROLE
campo de controle BR8006638
003 - IDENTIFICADOR DO NÚMERO DE CONTROLE
campo de controle BR-BrBNA
005 - DATA E HORÁRIO DA ÚLTIMA TRANSAÇÃO
campo de controle 20240105114829.0
008 - CAMPO DE DADOS FIXOS--INFORMAÇÃO GERAL
campo de controle de tamanho fixo 230509b bl.|||m| |||| 00| 0 por d
040 ## - FONTE DA CATALOGAÇÃO
Instituição da catalogação original BR-BrBNA
Idioma da catalogação por
Instituição que transcreveu o registro Biblioteca Nacional de Agricultura
072 ## - CÓDIGO DE CATEGORIA DE ASSUNTO
Código de Categoria de Assunto Q10
090 ## - NÚMERO DE CHAMADA LOCAL
Número de chamada 9000 BR8006638
100 1# - ENTRADA PRINCIPAL--NOME PESSOAL
Nome pessoal Rossi, S.J.
100 1# - ENTRADA PRINCIPAL--NOME PESSOAL
Nome pessoal Roa, G.
110 1# - ENTRADA PRINCIPAL--NOME CORPORATIVO
Nome corporativo ou nome da jurisdição Academia de Ciencias do Estado de Sao Paulo, Sao Paulo (Brasil)
9 (RLIN) 17
245 1# - TÍTULO
Título Secagem e armazenamento de produtos agropecuarios com uso de energia solar e ar natural
260 3# - PUBLICAÇÃO, DISTRIBUIÇÃO, ETC.
Local de publicação, distribuição, etc. Sao Paulo, SP (Brasil):
Data da publicação, distribuição, etc. 1980.
300 ## - DESCRIÇÃO FÍSICA
Extensão 295 p.
490 ## - TÍTULO DA SÉRIE
Título da série Publicacao ACIESP (Brazil)
Número do volume ou designação sequencial da série no. 22
ISSN - International Standard Serial Number
500 ## - NOTA GERAL
Nota geral 30 tables; 193 graphs; Bibliography p. 291-295 (87 ref.)
650 ## - ASSUNTO--TERMO TÓPICO
Cabeçalho tópico ou nome geográfico ALIMENTO
650 ## - ASSUNTO--TERMO TÓPICO
Cabeçalho tópico ou nome geográfico PRODUTO AGRICOLA
650 ## - ASSUNTO--TERMO TÓPICO
Cabeçalho tópico ou nome geográfico SECAGEM
650 ## - ASSUNTO--TERMO TÓPICO
Cabeçalho tópico ou nome geográfico ARMAZENAMENTO
650 ## - ASSUNTO--TERMO TÓPICO
Cabeçalho tópico ou nome geográfico ENERGIA SOLAR
650 ## - ASSUNTO--TERMO TÓPICO
Cabeçalho tópico ou nome geográfico PRESERVACAO DE ALIMENTO
909 ## -
-- 202312
-- Lúcia Elande
-- 55
-- Lúcia Elande
942 ## - ELEMENTOS DE ENTRADA ADICIONADOS (KOHA)
Fonte da classificação ou esquema de arquivamento na estante Classificação AGRIS
Ocultar no OPAC Não
Tipo de material Koha Monografia Seriada
Exemplares
Situação do descarte Fonte da classificação ou esquema de arquivamento na estante Situação física Não pode ser emprestado Coleção Biblioteca de origem Biblioteca atual Localização na estante Total de empréstimos Número de telefone completo Código de barras Data de último acesso Tipo de material Koha Fonte de aquisição
  Classificação AGRIS       Biblioteca Nacional de Agricultura - Binagri Biblioteca Nacional de Agricultura - Binagri Agrobase - Acervo Geral   9000 BR8006638 9000 BR8006638 18/12/2023 Monografia Seriada Portaria Interministerial nº 164/94

BINAGRI

Telefone: (61)3218-2567/2388/3357/2097 - binagri@agro.gov.br

Ministério da Agricultura e Pecuária , Esplanada dos Ministérios, Bloco D, Anexo B, Brasília/DF, CEP: 70.043-900